General orders

Bibliographic Details
Corporate Author: MALAYA (Federation)
Format: Book
Published: Kuala Lumpur : Govt. Press , 1958
Subjects:

MARC

LEADER 00000cam a2200000 7i4500
001 0000001965
005 20020716.0
090 0 0 |a 354.595001   |b MAL 1958 
110 1 0 |a MALAYA (Federation) 
245 1 0 |a General orders 
260 0 0 |a Kuala Lumpur :   |b Govt. Press ,   |c 1958 
300 |a 1v. (various pagings) ;   |c 26 cm. 
650 0 0 |a Administrative procedure   |z Malaysia 
998 |a JPSM 
999 |a 0000003364   |b Monograph   |c Open Shelf   |e Default branch